The hysterical personality disorder: a phenomenological approach
The background of the present study is a general uncertainty as to what comprises the essence of hysterical (histrionic) personality disorder. Using phenomenological methodology, phenomena observable in the ‘classic’ hysterical personality are analysed, described, named, and classified according to...
Gespeichert in:
| Hauptverfasser: | , , |
|---|---|
| Dokumenttyp: | Article (Journal) |
| Sprache: | Englisch |
| Veröffentlicht: |
October 29, 1998
|
| In: |
Psychopathology
Year: 1998, Jahrgang: 31, Heft: 6, Pages: 318-330 |
| ISSN: | 1423-033X |
| DOI: | 10.1159/000029057 |
| Online-Zugang: | Verlag, lizenzpflichtig, Volltext: https://doi.org/10.1159/000029057 Verlag, lizenzpflichtig, Volltext: https://www.karger.com/Article/FullText/29057 |
| Verfasserangaben: | Dieter Sigmund, Winfried Barnett, Christoph Mundt |
MARC
| LEADER | 00000caa a2200000 c 4500 | ||
|---|---|---|---|
| 001 | 1742190820 | ||
| 003 | DE-627 | ||
| 005 | 20220819044158.0 | ||
| 007 | cr uuu---uuuuu | ||
| 008 | 201207s1998 xx |||||o 00| ||eng c | ||
| 024 | 7 | |a 10.1159/000029057 |2 doi | |
| 035 | |a (DE-627)1742190820 | ||
| 035 | |a (DE-599)KXP1742190820 | ||
| 035 | |a (OCoLC)1341383229 | ||
| 040 | |a DE-627 |b ger |c DE-627 |e rda | ||
| 041 | |a eng | ||
| 084 | |a 33 |2 sdnb | ||
| 100 | 1 | |a Sigmund, Dieter |e VerfasserIn |0 (DE-588)1075342465 |0 (DE-627)833204742 |0 (DE-576)443410615 |4 aut | |
| 245 | 1 | 4 | |a The hysterical personality disorder |b a phenomenological approach |c Dieter Sigmund, Winfried Barnett, Christoph Mundt |
| 264 | 1 | |c October 29, 1998 | |
| 300 | |a 13 | ||
| 336 | |a Text |b txt |2 rdacontent | ||
| 337 | |a Computermedien |b c |2 rdamedia | ||
| 338 | |a Online-Ressource |b cr |2 rdacarrier | ||
| 500 | |a Gesehen am 07.12.2020 | ||
| 520 | |a The background of the present study is a general uncertainty as to what comprises the essence of hysterical (histrionic) personality disorder. Using phenomenological methodology, phenomena observable in the ‘classic’ hysterical personality are analysed, described, named, and classified according to the basic functions of human experience and behaviour. The resulting psychopathological picture of the hysterical personality facilitates a differential diagnosis that is often decidedly difficult. The phenomenon of dissociation of the mental processes is demonstrated for the various basic functions. A specific feature of the disorder is shown which generates a dissociation of contents of the personality along a conscious-preconscious-unconscious continuum. It is concluded that dissocation is, in the final analysis, the prerequisite for a compromised and partial acting out of prohibited non-integrated elements, e.g. aggression, as a coping strategy. | ||
| 700 | 1 | |a Barnett, Winfried |d 1953-2017 |e VerfasserIn |0 (DE-588)111090156 |0 (DE-627)584488297 |0 (DE-576)165680407 |4 aut | |
| 700 | 1 | |a Mundt, Christoph |d 1944- |e VerfasserIn |0 (DE-588)123533759 |0 (DE-627)082613397 |0 (DE-576)293753822 |4 aut | |
| 773 | 0 | 8 | |i Enthalten in |t Psychopathology |d Basel : Karger, 1984 |g 31(1998), 6, Seite 318-330 |h Online-Ressource |w (DE-627)300897715 |w (DE-600)1483565-4 |w (DE-576)112815162 |x 1423-033X |7 nnas |a The hysterical personality disorder a phenomenological approach |
| 773 | 1 | 8 | |g volume:31 |g year:1998 |g number:6 |g pages:318-330 |g extent:13 |a The hysterical personality disorder a phenomenological approach |
| 856 | 4 | 0 | |u https://doi.org/10.1159/000029057 |x Verlag |x Resolving-System |z lizenzpflichtig |3 Volltext |
| 856 | 4 | 0 | |u https://www.karger.com/Article/FullText/29057 |x Verlag |z lizenzpflichtig |3 Volltext |
| 951 | |a AR | ||
| 992 | |a 20201207 | ||
| 993 | |a Article | ||
| 994 | |a 1998 | ||
| 998 | |g 123533759 |a Mundt, Christoph |m 123533759:Mundt, Christoph |d 910000 |d 910600 |e 910000PM123533759 |e 910600PM123533759 |k 0/910000/ |k 1/910000/910600/ |p 3 |y j | ||
| 998 | |g 111090156 |a Barnett, Winfried |m 111090156:Barnett, Winfried |d 50000 |e 50000PB111090156 |k 0/50000/ |p 2 | ||
| 998 | |g 1075342465 |a Sigmund, Dieter |m 1075342465:Sigmund, Dieter |d 910000 |d 910600 |e 910000PS1075342465 |e 910600PS1075342465 |k 0/910000/ |k 1/910000/910600/ |p 1 |x j | ||
| 999 | |a KXP-PPN1742190820 |e 3818290946 | ||
| BIB | |a Y | ||
| SER | |a journal | ||
| JSO | |a {"origin":[{"dateIssuedDisp":"October 29, 1998","dateIssuedKey":"1998"}],"title":[{"title":"The hysterical personality disorder","title_sort":"hysterical personality disorder","subtitle":"a phenomenological approach"}],"person":[{"given":"Dieter","family":"Sigmund","display":"Sigmund, Dieter","role":"aut"},{"given":"Winfried","role":"aut","display":"Barnett, Winfried","family":"Barnett"},{"family":"Mundt","role":"aut","display":"Mundt, Christoph","given":"Christoph"}],"language":["eng"],"physDesc":[{"extent":"13 S."}],"recId":"1742190820","id":{"eki":["1742190820"],"doi":["10.1159/000029057"]},"name":{"displayForm":["Dieter Sigmund, Winfried Barnett, Christoph Mundt"]},"type":{"bibl":"article-journal","media":"Online-Ressource"},"note":["Gesehen am 07.12.2020"],"relHost":[{"pubHistory":["Volume 17, issue 1 (1984)-"],"type":{"bibl":"periodical","media":"Online-Ressource"},"note":["Gesehen am 24.10.25"],"titleAlt":[{"title":"international journal of descriptive psychopathology, phenomenology and clinical diagnostics"}],"origin":[{"dateIssuedDisp":"1984-","publisherPlace":"Basel","publisher":"Karger","dateIssuedKey":"1984"}],"title":[{"subtitle":"international journal of descriptive and experimental psychopathology, phenomenology and clinical diagnostics","title_sort":"Psychopathology","title":"Psychopathology"}],"recId":"300897715","part":{"issue":"6","year":"1998","text":"31(1998), 6, Seite 318-330","extent":"13","pages":"318-330","volume":"31"},"physDesc":[{"extent":"Online-Ressource"}],"language":["eng"],"disp":"The hysterical personality disorder a phenomenological approachPsychopathology","id":{"eki":["300897715"],"zdb":["1483565-4"],"issn":["1423-033X"]}}]} | ||
| SRT | |a SIGMUNDDIEHYSTERICAL2919 | ||